Statistics for Muscles

Click here to take the quiz!

General Stats

  • This quiz has been taken 19 times
  • The average score is 16 of 95

Answer Stats

Answer% Correct
Muscles in the anterior compartment of the armTwo headsBiceps Brachii
94%
Muscles in the posterior compartment of the armTriceps brachii
56%
Elbow flexorBrachialis
50%
InsertionHumerus
44%
Origin of the short headCoracoid process
33%
InsertionCoronoid process of the ulna
28%
OriginDistal radius
28%
Radius
28%
Origin (2)Ulna
28%
Brachioradialis
22%
Shoulder abductorCoracobrachialis
22%
Extensor carpi radialis longus and brevis
22%
Extensor carpi ulnaris
22%
Flexor carpi radialis
22%
Flexor carpi ulnaris
22%
Deep layerFlexor digitorum profundus
22%
Intermediate layerFlexor digitorum superficialis
22%
Origin of long headInfraglenoid tubercle
22%
InsertionOlecranon
22%
Pronator quadratus
22%
Superficial muscles in anterior compartment of the forearmPronator teres
22%
InnovationRadial nerve
22%
InnovationRadial nerve
22%
InnovationRadial nerve
22%
InnovationRadial nerve
22%
InnovationRadial nerve
22%
InnovationRadial nerve
22%
InnovationRadial nerve
22%
InnovationRadial nerve
22%
InnovationRadial nerve
22%
InnovationRadial nerve
22%
InnovationRadial nerve
22%
InsertionRadial tuberosity
22%
Origin of the long headSupraglenoid tubercle
22%
Superficial posterior compartment of the forearmAnconeus
17%
OriginAnterior surface of distal radius
17%
OriginCoracoid process
17%
Extensor digitorum communis
17%
Extensor indicis
17%
Extensor pollicis brevis and longus
17%
Flexor pollicis Longus
17%
Interosseous membrane
17%
InsertionLateral radius
17%
InsertionMaximum convexity of the radius
17%
InnovationMedian nerve
17%
InnovationMedian nerve
17%
InnovationMedian nerve
17%
InnovationMedian nerve
17%
InnovationMedian nerve
17%
Innovation(2)Median nerve
17%
InnovationMedian nerve
17%
InnovationMusculocutaneous
17%
Palmaris longus
17%
Ulnar nerve
17%
InnovationUlnar nerve
17%
InsertionBase of middle phalanges
11%
OriginCommon flexor origin
11%
OriginCommon flexor origin
11%
OriginCommon flexor origin
11%
OriginCommon flexor origin
11%
Origin (2)Common flexor origin
11%
InsertionDistal phalanges
11%
InsertionDistal phalanx of the thumb
11%
InsertionDistal ulna
11%
Extensor digiti minimi
11%
InsertionFlexor retinaculum
11%
OriginLateral suprachondylar ridge
11%
InsertionPisiform hamate and fifth metacarpal
11%
InsertionProximal phalanges
11%
InsertionProximal ulna
11%
OriginProximal ulna
11%
Deep musclesSupinator
11%
Abductor pollicis longus
6%
InsertionBase of fifth metacarpal
6%
InsertionBase of the thumb
6%
OriginCommon extensor origin
6%
Common Extensor Origin
6%
OriginCommon extensor origin
6%
OriginCommon extensor origin
6%
Origin (brevis)Dorsum of the radius
6%
Origin (longus)Dorsum of the ulna
6%
Origin of lateral headLateral lip of the spiral groove of the humerus
6%
Origin of Medial headMedial aspect of the spiral groove of the humerus
6%
Insertion (brevis)Proximal phalanx of thumb
6%
InsertionRadial styloid process
6%
InsertionBases of the second and third metacarpal
0%
InsertionBases of the second and third metacarpals
0%
Origin (2)Distal lateral suprachondylar ridge of the humerus
0%
OriginHumeral shaft
0%
InsertionIndex finger dorsal expansion
0%
OriginLateral epichondyle
0%
InsertionMedial aspect of the dorslal expansion of the little finger
0%
OriginPosterior ulna
0%
OriginSupinator crest of the ulna
0%
Insertion (longus)Terminal phalanx of thumb
0%

Score Distribution

Percentile by Number Answered

Percent of People with Each Score

Your Score History

You have not taken this quiz